| 000 | 01012nam a2200241Ii 4500 | ||
|---|---|---|---|
| 008 | MAIN|c(19774) | ||
| 090 | 0 | _aTP5 | |
| 245 | 0 | 0 |
_aChemical technology for developing countries : _binternational conference of the Nigerian Society of Chemical Engineers, held at the Dept. of Chemical Engineering, Ahmadu Bello University, Zaria, Nigeria, 4-6 November, 1979 / _cAntonie A. C. M. Beenackers, editor. |
| 260 |
_aZaria, Nigeria : _bOrganizing Committee, N.S.Ch.E., _cc1979. |
||
| 300 |
_ax, 206 p. : _bill. ; _c21 cm. |
||
| 504 | _aIncludes bibliographical references. | ||
| 650 | 0 |
_aChemical engineering _xCongresses. |
|
| 650 | 0 |
_aChemical industry _zDeveloping countries _xCongresses. |
|
| 650 | 0 |
_aChemistry, Technical _xCongresses. |
|
| 700 | 1 | _aBeenackers, A. A. C. M. | |
| 710 | 2 | _aNigerian Society of Chemical Engineers. | |
| 907 |
_a.b10203874 _b23-05-06 _c23-05-06 |
||
| 003 | |||
| 005 | 20230123134217.0 | ||
| 040 | _cNUST | ||
| 049 | _aMAIN | ||
| 942 |
_cBOOKS _kTP5 |
||
| 999 |
_c161947 _d161947 |
||